Gezeichnete Fußballwappen #3 - Statistiken

Allgemein
  • Dieses Quiz wurde 77 mal gespielt
  • Das Durchschnittsergebnis liegt bei 14 aus 16
Antwortstatistiken
Bildquiz Antwort % Korrekt
Juventus Turin
100%
FC Arsenal
97%
Real Madrid
96%
Paris Saint-Germain
95%
FC Liverpool
92%
AS Rom
91%
Olympique Marseille
88%
Newcastle United
87%
Benfica Lissabon
85%
Atalanta Bergamo
84%
Galatasaray Istanbul
84%
AS Monaco
83%
Athletic Bilbao
83%
Club Brügge
81%
FC Porto
80%
Olympiakos Piräus
77%
Keine übereinstimmenden Quizze gefunden
Verteilung der Resultate
Anzahl Personen mit jedem Resultat
Perzentil nach korrekt beantworteten Fragen
Ihre Resultats-Entwicklung
Sie haben dieses Quiz noch nicht gespielt